| 000 | 00337nam a2200121Ia 4500 | ||
|---|---|---|---|
| 008 | 220217s9999||||xx |||||||||||||| ||und|| | ||
| 082 | _a004.21 TIS | ||
| 100 |
_aTisdall, James _93591 |
||
| 245 | 0 | _aBeginning perl for bio informatics | |
| 260 |
_aSPD pvt. Ltd. _bMumbai _c2001 |
||
| 300 | _b300 | ||
| 650 |
_aINFORMATION SCIENCE _91300 |
||
| 999 |
_c172224 _d172224 |
||